| 000 | 00706nam a2200253 a 4500 | ||
|---|---|---|---|
| 999 |
_c1760 _d1760 |
||
| 001 | 1760 | ||
| 003 | BD-JhCC | ||
| 005 | 20180402200033.0 | ||
| 008 | 171024b nyu||||| |||| 00| 0 eng d | ||
| 020 | _a0669021377 | ||
| 035 | _a(BD-JhCC)1760 | ||
| 040 |
_aBD-JhCC _dBD-JhCC |
||
| 041 | _aeng | ||
| 082 |
_a500 _bBAR 1985 |
||
| 100 | _aBarufaldi, James P. | ||
| 245 |
_aHeath science / _cJames P. Barufaldi, George T. Ladd, Alice Johnson Moses |
||
| 260 |
_aLexington : _bD.C. Heath and Company, _c1985. |
||
| 300 |
_a250 p. : _c23 cm. |
||
| 650 | _aScience- Study and teaching (Elementary) | ||
| 700 | _aLadd, George T. | ||
| 700 | _aMoses, Alice Johnson | ||
| 942 |
_2ddc _cBK |
||